000 00298nam a2200133Ia 4500
100 _aAtkinson/ K.E.
942 _cBK
654 _anumerical
245 _aIntroduction to numerical analysis
260 _bJohn wiley
_aSingapore
_c1959
082 _a519.4
_bATK
300 _a693
546 _aENGLISH
999 _c21257
_d21257